| 000 | 00831nam a2200313Ia 4500 | ||
|---|---|---|---|
| 001 | 8106 | ||
| 005 | 20240113234050.0 | ||
| 007 | ta | ||
| 008 | 170602s1996 ii a g b000 u 465 u | ||
| 020 | _a81-7488-281-2 | ||
| 040 | _aCotton College Assam | ||
| 041 | _a465 | ||
| 082 |
_a581.4 _bAr 67 Mo |
||
| 100 | _aArora, D.K. . | ||
| 245 | 0 |
_aMorphology and Anatomy of Leaf / _cD.K. Arora & Seema Gupta. _hTextual Documents |
|
| 250 | _a1st ed. / | ||
| 260 |
_aNew Delhi : _bAnmol Publications , _c1996. |
||
| 300 |
_av, 331p. : _bill ; _c22cm. . |
||
| 653 | _aBotany | ||
| 653 | _aLeaf, Morphology & Anatomy | ||
| 653 | _aMorphology, Leaf | ||
| 653 | _aAnatomy, Leaf | ||
| 653 | _aG-Botany | ||
| 700 | _aGupta, Seema . | ||
| 942 |
_2ddc _cBK |
||
| 999 |
_c8093 _d8093 |
||